Catálogo

TRANSPORTATION OF HAZARDOUS MATERIALS : (Registro nro. 42633)

Detalles MARC
000 -LEADER
fixed length control field 00512nam a2200169 a 4500
001 - CONTROL NUMBER
control field 42633
005 - DATE AND TIME OF LATEST TRANSACTION
control field 20180714020917.0
008 - FIXED-LENGTH DATA ELEMENTS--GENERAL INFORMATION
fixed length control field 140415s1994 000 0 eng d
041 ## - LANGUAGE CODE
Language code of text/sound track or separate title eng
082 ## - DEWEY DECIMAL CLASSIFICATION NUMBER
Classification number 604.7
Item number CHE
100 1# - MAIN ENTRY--PERSONAL NAME
Personal name Cheremisinoff, Nicholas P.,.
245 10 - TITLE STATEMENT
Title TRANSPORTATION OF HAZARDOUS MATERIALS :
Remainder of title A GUIDE TO COMPLIANCE
250 ## - EDITION STATEMENT
Edition statement 1a ed.
260 ## - PUBLICATION, DISTRIBUTION, ETC.
Place of publication, distribution, etc. [s.l.] :
Name of publisher, distributor, etc. NOYER PUBLICATIONS,
Date of publication, distribution, etc. 1994
300 ## - PHYSICAL DESCRIPTION
Extent 262
650 14 - SUBJECT ADDED ENTRY--TOPICAL TERM
Topical term or geographic name entry element SUSTANCIAS PELIGROSAS
General subdivision ESTADOS UNIDOS
-- TRANSPORTACION
Existencias
Withdrawn status Lost status Source of classification or shelving scheme Damaged status Not for loan Collection code Home library Current library Shelving location Date acquired Source of acquisition Inventory number Total Checkouts Full call number Barcode Date last seen Price effective from Koha item type
    Dewey Decimal Classification     General Biblioteca Karol Wojtyla Biblioteca Karol Wojtyla Sala general 03/12/2013 Compra 151000000000000000007161   604.7 CHE 6402 05/01/2026 03/12/2013 Libro